Pozsony Kossuth Lajos tér (Sétatér)

Bibliographic Details
Format: Postcard
Language:Hungarian
German
PhysicalDescription:1 pohľadnica čiernobiela 9x14 cm
Published: Pozsony "Bediene dich allein" [medzi 1869 a 1907?]
Subjects:

MARC

LEADER 00000nkmaa2200000 a 4500
001 vtls010077445
003 SK-MaSNL
005 20260512125604.0
007 kp bo
008 231204q1869 xo 000 ||00 k|hun
035 |a 45218FD0-FE5A-4E4C-8914-9A41745111CA 
035 |a urn:nbn:sk:snk-km001xoo 
035 |a urn:nbn:sk:snk-kmth55 
040 |a SNKLA  |b slo  |c SNKLA  |e AACR2 
041 0 |a hun  |a ger 
044 |a xo  |c SK 
072 7 |a 913  |x Regionálna geografia  |2 konspekt 
080 |a 913(437.6)  |2 2011 
080 |a (084.121)  |2 2011 
245 0 0 |a Pozsony  |h [grafika]  |b Kossuth Lajos tér (Sétatér) 
246 1 1 |a Pressburg  |b Kossuth Lajosplatz (Promenade) 
260 |a Pozsony  |b "Bediene dich allein"  |c [medzi 1869 a 1907?] 
300 |a 1 pohľadnica  |b čiernobiela  |c 9x14 cm 
651 7 |a Bratislava (Slovensko)  |2 SNKPH  |9 14568 
651 7 |a Slovensko  |2 SNKPH  |9 14231 
655 7 |a miestne pohľadnice  |2 SNKPH  |9 70510 
752 |a Slovensko  |d Bratislava 
958 |a GC 
958 |a BLA 
999 |c 1090331  |d 1092261 
952 |a SNKLA  |b SNKLA  |c SNKLA_DEP  |y NEVYP  |7 0  |p 17A0647031  |o snkLA 1956/1970  |0 0  |1 0  |4 0  |d 2014-07-04  |f 1  |l 0  |r 2026-02-24 16:55:09  |w 2026-02-24